Quiz o logach samochodowych #1 - Statystyki

Ogólne statystyki
  • Ten quiz został rozwiązany 82 razy
  • Średni wynik to 16 z 20
Statystyki odpowiedzi
Obrazkowy Odpowiedź % Poprawnych
Ford
98%
Honda
98%
Audi
97%
Mazda
95%
Ferrari
92%
Porsche
90%
Mitsubishi
87%
SEAT
87%
Volkswagen
87%
Hyundai
85%
Lexus
84%
Alfa Romeo
82%
Fiat
82%
Chevrolet
80%
Peugeot
80%
Dodge
72%
Infiniti
54%
Cadillac
52%
Corvette
38%
Buick
25%
Nie znaleziono quizów pasujących do podanych kryteriów
Rozkład punktacji
Procent ludzi z każdym wynikiem
Percentyl według liczby udzielonych odpowiedzi
Twoja historia wyników
Nie rozwiązałeś tego quizu